000 00392 a2200169 4500
001 184302
020 _a85-7442-007-7
040 _cMagnum
100 _aSant´anna, Eliana Mariz Câmara
240 1 0 _aComo nascem as florestas
_lpor
245 1 0 _aComo nascem as florestas
300 _a24
362 0 _a1999
440 1 _aMiguilim
697 _aLITERATURA INFANTO-JUVENIL
942 _cBK
999 _c184302
_d184302